000 02301nam2a2200337 4500
001 RU\NLR\BIBL_A\011910121
005 20260406041731.0
010 _a978-5-907030-13-8
_9500
035 _a(NLR Aleph) 011910121
090 _a10931120
_c10931120
100 _a20190116d2018 |||y0rusy50 ca
101 0 _arus
_aita
102 _aRU
105 _ay z 000yy
200 1 _aАкты генуэзских нотариев, составленные в Каффе и в других городах Причерноморья в XIV-XV вв.
_dNotai genovesi in oltremare atti redatti a Caffa ed in altre localita del Mar Nero nei secoli XIV e XV
_fсост.: Мария Грация Альваро, Альфонсо Ассини, Лаура Баллетто, Энрико Бассо
_gпод ред. С.П. Карпова
_zita
210 _d2018
_aБ. м.
215 _a759 с.
_d24
300 _aТекст на рус. и итал. яз.
320 _aБиблиогр. в подстроч. примеч.
320 _aУказ. имен собственных: С. 661 - 690
461 0 _1001RU\NLR\INFOCOMM17\1000451500
_12001#$aПричерноморье в средние века$dThe Black sea region in the middle ages$eИзд. Моск. ун-та$fЛаб. истории Византии и Причерноморья. Ист. фак. Моск. гос. ун-та$zeng$v10
_93688847
_cСПб.
_d1991 -
_fЛаб. истории Византии и Причерноморья. Ист. фак. Моск. гос. ун-та
_lThe Black sea region in the middle ages
_nАлетейя
_oИзд. Моск. ун-та
_tПричерноморье в средние века
_v10
510 1 _aNotai genovesi in oltremare atti redatti a Caffa ed in altre localita del Mar Nero nei secoli XIV e XV
_zita
607 _aПричерноморье
_jИсточники и источниковедение
_xИстория
_zСредние века
_92609257
_3RU\NLR\AUTH\661545815
686 1 _aТ3(0)4,01
702 1 _aАльваро
_bМ. Г.
_gМария Грация
_4220
702 1 _4340
_7ca
_8rus
_aКарпов
_bС. П.
_cд-р ист. наук
_f1948 -
_gСергей Павлович
_9112107
_3RU\NLR\AUTH\772090
852 _aNLR
_jП22/7077
942 _cISSUE
980 _aNB
980 _aRUSPER